000 00539nam a2200181Ia 4500
003 IN-BaIIA
008 211028s9999 xx 000 0 eng d
020 _a0-19-510519-2
040 _cIIA Library
080 _a51
_bCOU
100 _aCourant, Richard
_935731
245 0 _aWhat is Mathematics?
_ban elementary approach to ideas and methods
_cRichard Courant and Herbert Robbins
260 _aNew York
_bOxford University Press
_c1996
300 _a566p.
650 _aMathematics
_982
700 _aRobbins, Herbert
_935732
942 _cBK
999 _c18655
_d18655